Közép-Kelet-Európa: esélyek és alternatívák. Dr. Czettker Antallal beszélget Martos Gábor
Elmentve itt :
| Szerző: | |
|---|---|
| Adatforrás: | Meister |
| Forrásdokumentuma: | A Hét. - 41 sz., 1993, 3 p. |
| Nyelv: | magyar |
| Kulcsszavak: | politikai interjú alapítványok Magyarország Teleki László Alapítvány |
| LEADER | 00493nab a2200157 i 4500 | ||
|---|---|---|---|
| 001 | bibPRO00005534 | ||
| 008 | 060524s1993 xx hun | ||
| 040 | |a Sz1 | ||
| 041 | |a hun | ||
| 100 | 1 | |a MARTOS Gábor | |
| 245 | 1 | 0 | |a Közép-Kelet-Európa: esélyek és alternatívák. Dr. Czettker Antallal beszélget Martos Gábor |c MARTOS Gábor |
| 695 | |a politikai interjú | ||
| 695 | |a alapítványok | ||
| 695 | |a Magyarország | ||
| 695 | |a Teleki László Alapítvány | ||
| 773 | 0 | |t A Hét. - |g 41 sz., 1993, 3 p. | |